| 000 | 00668nam a22002057a 4500 | ||
|---|---|---|---|
| 999 |
_c1975 _d1975 |
||
| 003 | AR-CdUCM | ||
| 008 | 190228b ||||| |||| 00| 0 spa d | ||
| 040 |
_aMUNICIPALIDAD PROVINCIAL DEL CUSCO _cBIBLIOTECA MUNICIPAL DEL CUSCO |
||
| 082 |
_a573.70985 / _bP83 |
||
| 100 |
_aPozo Flórez, C. Arturo _97207 |
||
| 245 |
_aGuía de Antropología Física / _cPozo Flórez, C. Arturo |
||
| 260 |
_aLima : _bGRAMB, _c1988. |
||
| 300 |
_a327 páginas. : _bilustraciones, _c22 cm. |
||
| 650 |
_aCraneología _97208 |
||
| 650 |
_aAntropología Física _920783 |
||
| 650 |
_aEpoca Prehispanica _92714 |
||
| 650 |
_aPerú _948866 |
||
| 942 |
_2ddc _cLIBROS |
||
| 945 |
_apjha _d2017-02-28 |
||